[Event "Vellmar op-A 2nd"]
[Site "Vellmar"]
[Date "2010.07.11"]
[Round "7"]
[White "Austein, Hartmut"]
[Black "Ruff, Maximilian"]
[Result "1-0"]
[WhiteElo "2017"]
[BlackElo "2013"]
[PlyCount "61"]
[EventDate "2010.07.08"]
[EventType "swiss"]
[EventRounds "7"]
[EventCountry "GER"]
[SourceTitle "EXT 2011"]
[Source "ChessBase"]
[SourceDate "2010.11.26"]
[SourceVersion "1"]
[SourceVersionDate "2010.11.26"]
[SourceQuality "1"]

1. d4 Nf6 2. Nc3 d5 3. Bg5 e6 4. e4 Be7 5. e5 Nfd7 6. h4 h6 7. Qh5 a6 8. 0-0-0 g6 9. Bxe7 Qxe7 10. Qg4 c5 11. Nf3 Nc6 12. Re1 cxd4 13. Nxd4 Qb4 14. Rd1 Ndxe5 15. Qf4 Nc4 16. Bxc4 Qxc4 17. Qf6 Rg8 18. Rhe1 Bd7 19. Nxe6 Bxe6 20. Nxd5 Kf8 21. Rxe6 Qxa2 22. Rd6 Qa1+ 23. Kd2 Qa5+ 24. c3 Qb5 25. Kc1 Qa5 26. Nb4 Qa1+ 27. Kc2 Nxb4+ 28. cxb4 Qa4+ 29. Kb1 Re8 30. Rd8 Qxb4 31. Rxe8+ 1-0

[Event "Vellmar op 1st"]
[Site "Vellmar"]
[Date "2009.08.02"]
[Round "6"]
[White "Austein, Hartmut"]
[Black "Jaeger, Frank"]
[Result "1-0"]
[WhiteElo "1895"]
[BlackElo "1902"]
[PlyCount "61"]
[EventDate "2009.07.30"]
[EventType "swiss"]
[EventRounds "7"]
[EventCountry "GER"]
[SourceTitle "EXT 2018"]
[Source "ChessBase"]
[SourceDate "2017.10.13"]
[SourceVersion "1"]
[SourceVersionDate "2017.10.13"]
[SourceQuality "1"]

1. d4 Nf6 2. Nc3 d5 3. Bg5 Nbd7 4. f3 e6 5. e4 dxe4 6. fxe4 Be7 7. Nf3 0-0 8. Bd3 h6 9. Bd2 b6 10. Qe2 Bb7 11. e5 Nh7 12. 0-0-0 Ng5 13. h4 Nxf3 14. gxf3 Kh8 15. Bxh6 Rg8 16. Bg5 g6 17. Ne4 Kg7 18. f4 Bxg5 19. fxg5 Bxe4 20. Bxe4 Rb8 21. Rhf1 Qe7 22. Kb1 Rh8 23. Rf4 c5 24. Bc6 Rbd8 25. Rdf1 Rhf8 26. Rf6 Nb8 27. Be4 cxd4 28. h5 d3 29. cxd3 Qc7 30. hxg6 Rc8 31. Rxf7+ 1-0

[Event "Vellmar op 1st"]
[Site "Vellmar"]
[Date "2009.08.01"]
[Round "5"]
[White "Schroeder, Klaus"]
[Black "Austein, Hartmut"]
[Result "0-1"]
[WhiteElo "1966"]
[BlackElo "1895"]
[PlyCount "66"]
[EventDate "2009.07.30"]
[EventType "swiss"]
[EventRounds "7"]
[EventCountry "GER"]
[SourceTitle "EXT 2018"]
[Source "ChessBase"]
[SourceDate "2017.10.13"]
[SourceVersion "1"]
[SourceVersionDate "2017.10.13"]
[SourceQuality "1"]

1. d4 Nf6 2. Nf3 d5 3. e3 c6 4. Bd3 Bg4 5. Nbd2 Nbd7 6. b3 e5 7. dxe5 Nxe5 8. Bb2 Nxd3+ 9. cxd3 Bb4 10. Qe2 Qe7 11. h3 Bh5 12. g4 Bg6 13. Ne5 0-0-0 14. f4 h5 15. Nxg6 fxg6 16. g5 Ne8 17. 0-0-0 Nd6 18. Nf3 Nf5 19. Ne5 Ng3 20. Qc2 Nxh1 21. Rxh1 Rhe8 22. Kb1 Qe6 23. Rc1 Kb8 24. a3 Ba5 25. Bd4 Bb6 26. Bxb6 axb6 27. d4 Qxh3 28. Qxg6 Qxe3 29. Nxc6+ bxc6 30. Qxc6 Qxb3+ 31. Ka1 Qxa3+ 32. Kb1 Qb4+ 33. Ka1 Rc8 0-1